Normal view
MARC view
- Eric Koomen, Judith Borsboom-van Beurden
Entry Personal Name
001 - CONTROL NUMBER
- control field: 133753
003 - CONTROL NUMBER IDENTIFIER
- control field: NUST
005 - DATE AND TIME OF LATEST TRANSACTION
- control field: 20260325154946.0
008 - FIXED-LENGTH DATA ELEMENTS
- fixed length control field: 260325|| aca||aabn | a|a d
040 ## - CATALOGING SOURCE
- Original cataloging agency: NUST
- Transcribing agency: NUST
100 ## - HEADING--PERSONAL NAME
- Personal name: Eric Koomen, Judith Borsboom-van Beurden
670 ## - SOURCE DATA FOUND
- Source citation: Work cat.: (NUST): Eric Koomen, Judith Borsboom-van Beurden., Land-Use Modelling in Planning Practice /, 2011.
